000
00499nam a2200145Ia 4500
008
100204s9999 xx 000 0 und d
082
_b
24011
100
_a
माटे श्री. म.
245
_a
माणुसकीचा गहिवर
260
_b
कॉन्टिनेन्टल प्रकाशन पुणे
_c
1999 8
300
_a
149
630
_a
माणुसकीचा गहिवर
730
_a
माणुसकीचा गहिवर
942
_c
BOOK
999
_c
469192
_d
469189